[Event "KONIK MORSKI REWALA 2013-B"]
[Site "Rewal"]
[Date "2013.08.24"]
[Round "5.32"]
[White "Rudol, Maria"]
[Black "Gajzner, Ryszard"]
[Result "1-0"]
[WhiteElo "1446"]
[BlackElo "1755"]
[PlyCount "95"]
[EventDate "2013.??.??"]

1. c4 c5 2. Nc3 b6 3. Nf3 Bb7 4. g3 Nf6 5. Bg2 e6 6. O-O Be7 7. d3 O-O 8. Bf4
a6 9. Rb1 Nh5 10. Be3 d6 11. a3 Nd7 12. b4 Qc7 13. Qb3 Rab8 14. Rfc1 Nhf6 15.
Ra1 h6 16. Rab1 Ng4 17. Bf4 g5 18. Bd2 Ngf6 19. Be3 Rfc8 20. Ne1 Bxg2 21. Nxg2
Ng4 22. Bd2 Bf6 23. f4 gxf4 24. Bxf4 Bg7 25. Ne4 e5 26. Bd2 f5 27. Nc3 Qd8 28.
Nh4 f4 29. Nf5 Qe8 30. h3 Qh5 31. hxg4 Qxg4 32. Nd5 Kh8 33. e4 Rf8 34. Qd1 Qh3
35. Qf1 Qg4 36. Qg2 Rxf5 37. exf5 Qxf5 38. gxf4 exf4 39. Qe4 Bd4+ 40. Kf1 Qg4
41. Qg2 Qf5 42. Nxf4 Rg8 43. Qe4 Qg5 44. Qh1 Kh7 45. Re1 Ne5 46. Qg2 Qh4 47.
Qe4+ Ng6 48. Re2 1-0

[Event "KONIK MORSKI REWALA 2013-B"]
[Site "Rewal"]
[Date "2013.08.24"]
[Round "5.33"]
[White "Zhuk, Ivan"]
[Black "Zhuk, Dmitriy"]
[Result "1-0"]
[WhiteElo "1746"]
[BlackElo "1593"]
[PlyCount "55"]
[EventDate "2013.??.??"]

1. d4 Nf6 2. c4 d6 3. Nf3 g6 4. Nc3 Bg7 5. h3 O-O 6. e4 c6 7. Be2 Nbd7 8. O-O
e6 9. Bg5 h6 10. Bf4 Qe7 11. e5 dxe5 12. dxe5 Ne8 13. Bd3 g5 14. Bg3 f6 15.
exf6 Nexf6 16. Bd6 Qf7 17. Qc2 Nb6 18. Bg6 Qd7 19. Bxf8 Kxf8 20. Ne5 Qc7 21.
Rfe1 Nbd7 22. Nf7 e5 23. Rad1 b5 24. cxb5 cxb5 25. Qb3 Qc4 26. Nxe5 Qxb3 27.
axb3 a6 28. Ng4 1-0

[Event "KONIK MORSKI REWALA 2013-B"]
[Site "Rewal"]
[Date "2013.08.24"]
[Round "5.34"]
[White "Kasianczuk, Krzysztof"]
[Black "Czepczynski, Boguslaw"]
[Result "0-1"]
[WhiteElo "1560"]
[BlackElo "1890"]
[PlyCount "82"]
[EventDate "2013.??.??"]

1. e4 g6 2. d4 Bg7 3. f4 c5 4. d5 d6 5. Nf3 a6 6. Be2 b5 7. O-O Qb6 8. Kh1 a5
9. e5 Nh6 10. Nc3 c4 11. Qd4 Qb7 12. a3 Nd7 13. Qf2 O-O 14. e6 Nf6 15. Ng5 b4
16. axb4 axb4 17. Rxa8 Qxa8 18. Nb5 fxe6 19. Nc7 Qa5 20. Ncxe6 Bxe6 21. Nxe6
Rc8 22. Nxg7 Kxg7 23. b3 cxb3 24. cxb3 Rc2 25. Qe3 Nf5 26. Qd3 Rc3 27. Qb1 Qxd5
28. Bc4 Ng3+ 29. hxg3 Qh5+ 30. Kg1 Ng4 31. Re1 Qh2+ 32. Kf1 Qh1+ 33. Ke2 Qxg2+
34. Kd1 Nf2+ 35. Kd2 Ne4+ 36. Kd1 Rxc4 37. Bb2+ Nc3+ 38. Bxc3+ Rxc3 39. Rxe7+
Kf8 40. Qe4 Qf1+ 41. Kd2 Qc1+ 0-1

[Event "KONIK MORSKI REWALA 2013-B"]
[Site "Rewal"]
[Date "2013.08.24"]
[Round "5.35"]
[White "Rudol, Matylda"]
[Black "Pietinen, Pekka"]
[Result "0-1"]
[WhiteElo "1483"]
[BlackElo "2015"]
[PlyCount "38"]
[EventDate "2013.??.??"]

1. b4 c6 2. a3 Nf6 3. Bb2 d6 4. c4 e5 5. e3 Be7 6. d3 O-O 7. Nd2 a5 8. Ngf3 Bg4
9. Be2 Na6 10. b5 Nc5 11. a4 e4 12. dxe4 Nfxe4 13. O-O Bf6 14. Bxf6 Qxf6 15.
Nd4 Nc3 16. Qe1 Bxe2 17. Qc1 Bxf1 18. Qxc3 Bd3 19. bxc6 bxc6 0-1

[Event "KONIK MORSKI REWALA 2013-B"]
[Site "Rewal"]
[Date "2013.08.26"]
[Round "6.1"]
[White "Zurkowski, Andrzej"]
[Black "Suliborski, Jakub"]
[Result "1/2-1/2"]
[WhiteElo "2003"]
[BlackElo "2002"]
[PlyCount "54"]
[EventDate "2013.??.??"]

1. d4 d5 2. Nf3 Nf6 3. Bf4 g6 4. e3 Bg7 5. Nbd2 O-O 6. Be2 Nbd7 7. O-O c5 8. c4
b6 9. Ne5 Bb7 10. Bf3 Nxe5 11. Bxe5 cxd4 12. exd4 Qd7 13. c5 bxc5 14. dxc5 a5
15. Qc2 Rfc8 16. Nb3 Qc6 17. a4 Nd7 18. Bxg7 Kxg7 19. Qc3+ Qf6 20. Qxf6+ Kxf6
21. Rac1 e5 22. Rfd1 Ke6 23. Re1 e4 24. Nd4+ Ke5 25. c6 Bxc6 26. Nxc6+ Kd6 27.
Bxe4 Rxc6 1/2-1/2

[Event "KONIK MORSKI REWALA 2013-B"]
[Site "Rewal"]
[Date "2013.08.26"]
[Round "6.2"]
[White "Smieszek, Wojciech"]
[Black "Zarubitski, Viachaslau"]
[Result "0-1"]
[WhiteElo "1887"]
[BlackElo "1874"]
[PlyCount "50"]
[EventDate "2013.??.??"]

1. e4 c5 2. Nf3 e6 3. d4 cxd4 4. Nxd4 a6 5. Bd3 Bc5 6. Nb3 Ba7 7. O-O Nc6 8.
Nc3 b5 9. Kh1 Nf6 10. h3 Bb7 11. f4 h5 12. e5 Ng4 13. Ne4 Kf8 14. Nbc5 Bc8 15.
Be2 Qe7 16. Nb3 f5 17. exf6 gxf6 18. f5 exf5 19. Bxg4 hxg4 20. Rxf5 Rxh3+ 21.
gxh3 Qxe4+ 22. Kh2 Qxf5 23. hxg4 Qf2+ 24. Kh3 Kg7 25. Nd2 Bb7 0-1

[Event "KONIK MORSKI REWALA 2013-B"]
[Site "Rewal"]
[Date "2013.08.26"]
[Round "6.3"]
[White "Kostanski, Marcin"]
[Black "Kosakowski, Jakub"]
[Result "1/2-1/2"]
[WhiteElo "1930"]
[BlackElo "1846"]
[PlyCount "135"]
[EventDate "2013.??.??"]

1. d4 Nf6 2. Nf3 g6 3. c4 Bg7 4. Nc3 d5 5. e3 O-O 6. cxd5 Nxd5 7. Bc4 Nxc3 8.
bxc3 c5 9. O-O Nc6 10. Ba3 cxd4 11. cxd4 Bg4 12. Be2 Qa5 13. Qb3 Be6 14. Qxb7
Nxd4 15. Nxd4 Bxd4 16. Bb4 Qb6 17. Qxb6 Bxb6 18. Bxe7 Rfe8 19. Bf6 Bf5 20. Rfc1
Re6 21. Bg5 Kg7 22. a4 a5 23. Bb5 h6 24. Bf4 Rd8 25. Rd1 g5 26. Bg3 Bg6 27.
Rxd8 Bxd8 28. Rd1 Be7 29. Rd7 Bb4 30. Kf1 Bc3 31. Rc7 Bb4 32. Ke2 Kg8 33. Ra7
Kg7 34. Rd7 Kg8 35. Bc7 Be4 36. Bc4 Rc6 37. Bxf7+ Kf8 38. Bb3 Bxg2 39. Be5 Be4
40. f3 Bg6 41. e4 g4 42. Ke3 gxf3 43. Kxf3 Rc1 44. Bd5 Rf1+ 45. Ke3 Re1+ 46.
Kd4 Rd1+ 47. Ke3 Re1+ 48. Kf3 Rf1+ 49. Kg4 Rg1+ 50. Bg3 Be7 51. Ra7 h5+ 52. Kf3
h4 53. Ra8+ Kg7 54. Be5+ Kh6 55. Bf4+ Kg7 56. Rxa5 Rf1+ 57. Ke3 Re1+ 58. Kf2
Rb1 59. e5 Rb2+ 60. Kf3 Bh5+ 61. Ke4 Rb4+ 62. Kf5 Bg6+ 63. Kg4 Bh5+ 64. Kxh5
Rxf4 65. Be6 h3 66. Bg4 Rf8 67. Bxh3 Rf4 68. Bg4 1/2-1/2

[Event "KONIK MORSKI REWALA 2013-B"]
[Site "Rewal"]
[Date "2013.08.26"]
[Round "6.4"]
[White "Powalka, Michal"]
[Black "Grabowski, Adam"]
[Result "0-1"]
[WhiteElo "1768"]
[BlackElo "2086"]
[PlyCount "66"]
[EventDate "2013.??.??"]

1. e4 c6 2. d4 d5 3. Nd2 dxe4 4. Nxe4 Nf6 5. Nxf6+ exf6 6. Be3 Bd6 7. Bd3 O-O
8. Ne2 Nd7 9. O-O Re8 10. c3 Nf8 11. Qc2 Qc7 12. h3 g6 13. Rfd1 f5 14. Qd2 Ne6
15. f4 Ng7 16. Rf1 Nh5 17. c4 Bd7 18. Nc3 Rad8 19. Rf3 Bc8 20. a3 Bf8 21. d5 b6
22. Re1 Rxe3 23. Rexe3 Bc5 24. b4 Bxe3+ 25. Qxe3 Nxf4 26. Bb1 Nh5 27. dxc6 Qxc6
28. Nd5 Qe6 29. Qc3 Re8 30. Ba2 Bb7 31. Bb3 Bxd5 32. cxd5 Qe4 33. Qd2 f4 0-1

[Event "KONIK MORSKI REWALA 2013-B"]
[Site "Rewal"]
[Date "2013.08.26"]
[Round "6.5"]
[White "Lopuszanski, Kamil"]
[Black "Skomial, Mateusz"]
[Result "1/2-1/2"]
[WhiteElo "1879"]
[BlackElo "2014"]
[PlyCount "109"]
[EventDate "2013.??.??"]

1. d4 d5 2. c4 e6 3. Nf3 Nf6 4. Nc3 Be7 5. Qc2 Nbd7 6. e3 c6 7. Bd3 O-O 8. O-O
b6 9. e4 dxe4 10. Nxe4 Bb7 11. Ne5 h6 12. Be3 Qc7 13. Nxd7 Qxd7 14. f3 Rfd8 15.
Rad1 Qc7 16. Qf2 Rd7 17. Rd2 Rad8 18. Rfd1 Ne8 19. f4 f5 20. Nc3 Bf6 21. Bb1
Ba6 22. b3 Be7 23. h3 Bb4 24. Rd3 Nf6 25. Bc1 Qd6 26. a3 Bxc3 27. Rxc3 Bb7 28.
Rcd3 Qe7 29. Bb2 Ne4 30. Qe1 c5 31. dxc5 Qxc5+ 32. Kh2 Rxd3 33. Rxd3 Rxd3 34.
Bxd3 Qd6 35. Qe3 Qc6 36. Qd4 Nf6 37. Bf1 Kf7 38. b4 Qe4 39. c5 bxc5 40. bxc5
Qxd4 41. Bxd4 Nd5 42. Bb5 a6 43. Bd7 Ne7 44. Kg1 Nc6 45. Be5 Ke7 46. Bxc6 Bxc6
47. Bxg7 h5 48. Kf2 Kd7 49. g3 Be4 50. Ke3 Bg2 51. h4 Kc6 52. Kd4 Bd5 53. Bf8
Bb3 54. Bd6 Bd5 55. Bb8 1/2-1/2

[Event "KONIK MORSKI REWALA 2013-B"]
[Site "Rewal"]
[Date "2013.08.26"]
[Round "6.6"]
[White "Jedras, Piotr"]
[Black "Milanowski, Jan"]
[Result "1/2-1/2"]
[WhiteElo "2008"]
[BlackElo "1971"]
[PlyCount "75"]
[EventDate "2013.??.??"]

1. e4 d6 2. d4 Nf6 3. Nc3 g6 4. f4 e6 5. Nf3 a6 6. e5 Nfd7 7. Bd3 d5 8. h4 c5
9. h5 Rg8 10. Ng5 c4 11. Nxf7 Kxf7 12. hxg6+ hxg6 13. Rh7+ Bg7 14. Bxg6+ Kf8
15. Qh5 Nf6 16. exf6 Qxf6 17. Be3 Nc6 18. O-O-O Ne7 19. f5 exf5 20. Bg5 Qxg6
21. Bxe7+ Kf7 22. Qh4 Be6 23. Ne2 Rh8 24. Rh1 Rxh7 25. Qxh7 Qxh7 26. Rxh7 Kg6
27. Rh4 Bh6+ 28. Nf4+ Bxf4+ 29. Rxf4 Rh8 30. Bh4 Bd7 31. Kd2 Re8 32. c3 Re4 33.
g3 Rxf4 34. gxf4 Kh5 35. Bf6 Kg4 36. Be5 Ba4 37. Bd6 Kf3 38. Be5 1/2-1/2

[Event "KONIK MORSKI REWALA 2013-B"]
[Site "Rewal"]
[Date "2013.08.26"]
[Round "6.7"]
[White "Ancuta, Adam"]
[Black "Woloch, Oskar"]
[Result "1-0"]
[WhiteElo "1976"]
[BlackElo "1779"]
[PlyCount "61"]
[EventDate "2013.??.??"]

1. e4 e5 2. Nc3 Nf6 3. f4 d5 4. fxe5 Nxe4 5. Nxe4 dxe4 6. d4 exd3 7. Bxd3 Nc6
8. Nf3 Bc5 9. Bg5 Qd5 10. Qe2 Bg4 11. Be4 Qe6 12. O-O-O Qxa2 13. Qb5 Qa1+ 14.
Kd2 Qa5+ 15. Qxa5 Nxa5 16. Kc3 Be7 17. Bxe7 Kxe7 18. Kb4 Nc6+ 19. Bxc6 bxc6 20.
Kc5 Rab8 21. b3 Rb5+ 22. Kd4 Bxf3 23. gxf3 Ke6 24. f4 Kf5 25. Ke3 Rd5 26. Ra1
g5 27. Rhf1 g4 28. Rxa7 Rc8 29. Ra6 Rc5 30. c4 Rb8 31. Kd4 1-0

[Event "KONIK MORSKI REWALA 2013-B"]
[Site "Rewal"]
[Date "2013.08.26"]
[Round "6.8"]
[White "Poswiatowski, Michal"]
[Black "Kaluzny, Wlodzimierz"]
[Result "1-0"]
[WhiteElo "2085"]
[BlackElo "1922"]
[PlyCount "65"]
[EventDate "2013.??.??"]

1. e4 e6 2. d4 d5 3. Nd2 dxe4 4. Nxe4 Nd7 5. Bd3 Ngf6 6. Qe2 c5 7. Nf3 Be7 8.
O-O O-O 9. Bg5 cxd4 10. Nxd4 Ne5 11. Nxf6+ Bxf6 12. Bxf6 Qxf6 13. Be4 Ng6 14.
c3 Rb8 15. Rfd1 Bd7 16. a4 Rfd8 17. Nb5 a6 18. Nd6 Bc6 19. Bxc6 bxc6 20. Qxa6
Qf4 21. Nc4 h5 22. Rxd8+ Rxd8 23. Qxc6 Qg4 24. Ne3 Qe2 25. Qb5 Qd2 26. a5 Nf4
27. Nf1 Qc2 28. h3 Nd3 29. Qb6 Rd5 30. a6 Rf5 31. a7 Kh7 32. a8=Q Nxf2 33. Qe3
1-0

[Event "KONIK MORSKI REWALA 2013-B"]
[Site "Rewal"]
[Date "2013.08.26"]
[Round "6.9"]
[White "Koziej, Maciej"]
[Black "Patola, Eero"]
[Result "1-0"]
[WhiteElo "2063"]
[BlackElo "1947"]
[PlyCount "37"]
[EventDate "2013.??.??"]

1. d4 f5 2. c4 Nf6 3. Nc3 g6 4. h4 Bg7 5. h5 gxh5 6. Bg5 c6 7. e3 d6 8. Nge2
Ne4 9. Nxe4 fxe4 10. Nc3 Bg4 11. Be2 Qa5 12. Bxg4 Qxg5 13. Rxh5 Qg6 14. Rf5 Kd8
15. Bh3 e6 16. Rf4 d5 17. Qb3 Kc7 18. cxd5 e5 19. Rf7+ 1-0

[Event "KONIK MORSKI REWALA 2013-B"]
[Site "Rewal"]
[Date "2013.08.26"]
[Round "6.10"]
[White "Zurek, Jacek"]
[Black "Stankiewicz, Pawel"]
[Result "1/2-1/2"]
[WhiteElo "1898"]
[BlackElo "2058"]
[PlyCount "90"]
[EventDate "2013.??.??"]

1. c4 g6 2. Nc3 Bg7 3. g3 d6 4. Bg2 e5 5. e4 Ne7 6. Nge2 Nbc6 7. O-O O-O 8. d3
Be6 9. Nd5 f5 10. Rb1 a5 11. Bg5 fxe4 12. dxe4 Qd7 13. Be3 b6 14. Qd2 Rac8 15.
b3 Nd8 16. a3 Nf7 17. b4 axb4 18. axb4 Rfd8 19. Ra1 Ra8 20. Qc3 h6 21. Rfd1 g5
22. Qc2 Ng6 23. c5 Rxa1 24. Rxa1 bxc5 25. bxc5 c6 26. Nb6 Qb7 27. Rb1 Qc7 28.
cxd6 Qxd6 29. Rc1 Bf8 30. h3 Ne7 31. Bc5 Qc7 32. Bxe7 Bxe7 33. Nd5 Bxd5 34.
exd5 c5 35. Nc3 Kg7 36. Na4 Rc8 37. Bf1 Qd6 38. Qf5 Rc7 39. Bd3 Bf6 40. Rb1 Bd8
41. Be4 Ra7 42. Nc3 Qf6 43. Qh7+ Kf8 44. Bf5 Qg7 45. Qxg7+ Kxg7 1/2-1/2

[Event "KONIK MORSKI REWALA 2013-B"]
[Site "Rewal"]
[Date "2013.08.26"]
[Round "6.11"]
[White "Zarnowski, Krzysztof"]
[Black "Mulenko, Alexander"]
[Result "1-0"]
[WhiteElo "1817"]
[BlackElo "2042"]
[PlyCount "61"]
[EventDate "2013.??.??"]

1. e4 c5 2. Nf3 g6 3. d4 Bg7 4. c4 Qa5+ 5. Nc3 Nc6 6. Be3 Nf6 7. Qd2 cxd4 8.
Nxd4 Ng4 9. Nxc6 bxc6 10. Bd4 e5 11. Be3 Nxe3 12. Qxe3 Rb8 13. Rb1 d5 14. cxd5
cxd5 15. exd5 O-O 16. Be2 Bf5 17. Rc1 Rxb2 18. O-O Rc8 19. g4 Bd7 20. Ne4 Rxc1
21. Rxc1 Rxa2 22. Nc5 Ra3 23. Qe4 Qd2 24. Rd1 Qa5 25. Nxd7 Qc7 26. Qb4 Ra2 27.
Qc4 Rc2 28. Qxc7 Rxc7 29. Bb5 Rb7 30. Bc6 Rc7 31. g5 1-0

[Event "KONIK MORSKI REWALA 2013-B"]
[Site "Rewal"]
[Date "2013.08.26"]
[Round "6.12"]
[White "Markiewicz, Mateusz"]
[Black "Ziaja, Krystian"]
[Result "0-1"]
[WhiteElo "2029"]
[BlackElo "1885"]
[PlyCount "40"]
[EventDate "2013.??.??"]

1. e4 c6 2. d4 d5 3. Nd2 dxe4 4. Nxe4 g6 5. Bc4 Nf6 6. Nxf6+ exf6 7. Be3 Be6 8.
Qe2 Bxc4 9. Qxc4 Nd7 10. O-O-O Nb6 11. Qb3 Qd5 12. Ne2 O-O-O 13. Rhe1 Bd6 14.
Qxd5 Nxd5 15. c4 Nxe3 16. fxe3 Rhe8 17. Kd2 Re6 18. c5 Bxc5 19. Rf1 Bf8 20. Nc3
Bh6 0-1

[Event "KONIK MORSKI REWALA 2013-B"]
[Site "Rewal"]
[Date "2013.08.26"]
[Round "6.13"]
[White "Jaskolka, Tomasz"]
[Black "Suliborski, Artur"]
[Result "1/2-1/2"]
[WhiteElo "2019"]
[BlackElo "1817"]
[PlyCount "97"]
[EventDate "2013.??.??"]

1. e4 c6 2. d4 d5 3. Nc3 dxe4 4. Nxe4 Nd7 5. Nf3 Ngf6 6. Ng3 e6 7. Bd2 Bd6 8.
Qe2 Qc7 9. Nf5 O-O 10. Nxd6 Qxd6 11. Bg5 b6 12. O-O-O Bb7 13. Ne5 h6 14. h4 c5
15. Nxd7 Nxd7 16. Qh5 cxd4 17. Bxh6 gxh6 18. Qxh6 f5 19. Rh3 Rf6 20. Qg5+ Kf7
21. Rg3 Qf8 22. Bb5 Nc5 23. Rxd4 Qh6 24. b4 Ne4 25. Rd7+ Kf8 26. Qxh6+ Rxh6 27.
Ra3 Bd5 28. f3 Nf6 29. Rc7 Rh7 30. Rxh7 Nxh7 31. c4 Bb7 32. Kd2 Nf6 33. Ke3 e5
34. Ba6 f4+ 35. Ke2 Bc8 36. c5 Nd5 37. Bc4 Ne3 38. Bb5 bxc5 39. bxc5 Rb8 40.
Bd3 Rb2+ 41. Ke1 a6 42. h5 Nc2+ 43. Bxc2 Rxc2 44. c6 Rxc6 45. Ra5 Re6 46. Kf2
Bd7 47. g3 fxg3+ 48. Kxg3 Bc8 49. Kg4 1/2-1/2

[Event "KONIK MORSKI REWALA 2013-B"]
[Site "Rewal"]
[Date "2013.08.26"]
[Round "6.14"]
[White "Parol, Pawel"]
[Black "Murawko, Katarzyna"]
[Result "1-0"]
[WhiteElo "1988"]
[BlackElo "1904"]
[PlyCount "61"]
[EventDate "2013.??.??"]

1. Nf3 d5 2. d4 g6 3. c4 c6 4. e3 Bg7 5. Nc3 e6 6. Bd3 Ne7 7. Qe2 O-O 8. Bd2
Nd7 9. e4 e5 10. dxe5 d4 11. Na4 Nxe5 12. Nxe5 Bxe5 13. O-O Bg7 14. f4 f5 15.
e5 b6 16. b4 Be6 17. Rf3 g5 18. fxg5 Ng6 19. Rh3 f4 20. Rxh7 Qxg5 21. Rh5 f3
22. Rxg5 fxe2 23. Rxg6 Bf5 24. Rg3 Bxd3 25. Rxd3 Rf5 26. Re1 Raf8 27. Rf3 d3
28. Kf2 Bxe5 29. Rxf5 Bd4+ 30. Kf3 Rxf5+ 31. Ke4 1-0

[Event "KONIK MORSKI REWALA 2013-B"]
[Site "Rewal"]
[Date "2013.08.26"]
[Round "6.15"]
[White "Jablonska, Sabina"]
[Black "Mielczarek, Joanna"]
[Result "1-0"]
[WhiteElo "1957"]
[BlackElo "1509"]
[PlyCount "49"]
[EventDate "2013.??.??"]

1. e4 e5 2. Nf3 Nc6 3. Bc4 Nf6 4. d3 Bc5 5. c3 d6 6. Bb3 Be6 7. Bc2 h6 8. Nbd2
O-O 9. h3 d5 10. Qe2 Bd6 11. Nf1 dxe4 12. dxe4 Qd7 13. g4 Nh7 14. Ng3 Be7 15.
Ba4 f6 16. Nh4 Bf7 17. Nhf5 Ng5 18. Nh5 Bxh5 19. gxh5 Bc5 20. h4 Ne6 21. Rg1
Kh7 22. Bb3 Ncd8 23. Rg6 Qe8 24. Qg4 Rf7 25. Bxh6 1-0

[Event "KONIK MORSKI REWALA 2013-B"]
[Site "Rewal"]
[Date "2013.08.26"]
[Round "6.16"]
[White "Buraczewski, Rafal"]
[Black "Nowak, Ryszard"]
[Result "1/2-1/2"]
[WhiteElo "1803"]
[BlackElo "2006"]
[PlyCount "53"]
[EventDate "2013.??.??"]

1. d4 Nf6 2. Nf3 e6 3. c4 b6 4. Nc3 Bb7 5. g3 Bxf3 6. exf3 d5 7. Bg2 Be7 8. O-O
O-O 9. f4 c6 10. f5 exf5 11. cxd5 cxd5 12. Qf3 Nc6 13. Be3 Qd7 14. Nxd5 Nxd5
15. Qxd5 Qxd5 16. Bxd5 Rac8 17. Rac1 Nxd4 18. Bxd4 Rxc1 19. Rxc1 Rd8 20. Rc7
Rxd5 21. Rxe7 Kf8 22. Rxa7 Rxd4 23. Rb7 Rd6 24. Kg2 g6 25. b4 Kg7 26. a4 Re6
27. Kf3 1/2-1/2

[Event "KONIK MORSKI REWALA 2013-B"]
[Site "Rewal"]
[Date "2013.08.26"]
[Round "6.17"]
[White "Sroka, Janusz"]
[Black "Antolak, Julia"]
[Result "1/2-1/2"]
[WhiteElo "2095"]
[BlackElo "1760"]
[PlyCount "113"]
[EventDate "2013.??.??"]

1. e4 c5 2. Nc3 Nc6 3. f4 g6 4. Nf3 Bg7 5. Bb5 Nd4 6. O-O a6 7. Bc4 e6 8. d3
Ne7 9. Nxd4 Bxd4+ 10. Kh1 d5 11. Bb3 Bg7 12. Qe1 O-O 13. f5 gxf5 14. exd5 Nxd5
15. Nxd5 exd5 16. Qg3 Kh8 17. Bg5 Bf6 18. Bxf6+ Qxf6 19. Bxd5 Be6 20. Qf3 Qxb2
21. Rab1 Qxc2 22. Rbc1 Qb2 23. Bxb7 Rad8 24. Bxa6 Qxa2 25. Bc4 Qb2 26. Bxe6
fxe6 27. Rxc5 Qd4 28. Rc6 Qxd3 29. Qxd3 Rxd3 30. Rxe6 Kg7 31. h3 Rf6 32. Re7+
Kg6 33. Kh2 Rd2 34. Rf3 Kh6 35. Kg1 Rg6 36. Rf2 Rxf2 37. Kxf2 Ra6 38. Kf3 Kg6
39. Re3 Kf6 40. Kg3 Kg6 41. Rf3 Re6 42. Rb3 Ra6 43. Rb4 Re6 44. Kf4 Ra6 45. g3
h6 46. h4 h5 47. Rb8 Ra4+ 48. Ke5 Ra5+ 49. Ke6 Ra6+ 50. Ke7 Ra7+ 51. Kf8 Rf7+
52. Ke8 f4 53. Rb6+ Rf6 54. Rxf6+ Kxf6 55. gxf4 Kf5 56. Kf7 Kxf4 57. Ke6
1/2-1/2

[Event "KONIK MORSKI REWALA 2013-B"]
[Site "Rewal"]
[Date "2013.08.26"]
[Round "6.18"]
[White "Murawko, Julia"]
[Black "Czarnecki, Wojciech"]
[Result "1/2-1/2"]
[WhiteElo "1687"]
[BlackElo "2089"]
[PlyCount "69"]
[EventDate "2013.??.??"]

1. e4 c6 2. d4 d5 3. Nc3 dxe4 4. Nxe4 Bf5 5. Ng3 Bg6 6. N1e2 Nd7 7. Nf4 e5 8.
dxe5 Nxe5 9. Qxd8+ Rxd8 10. Nxg6 Nxg6 11. Be3 a6 12. Be2 Nf6 13. O-O Nd5 14.
Bd2 Be7 15. Rad1 O-O 16. c4 Ndf4 17. Bxf4 Nxf4 18. Bf3 Nd3 19. b3 g6 20. Rb1 f5
21. Be2 Nf4 22. Rfd1 Nxe2+ 23. Nxe2 Kf7 24. g3 Bb4 25. Kf1 Rfe8 26. h4 Bd2 27.
Rb2 Bb4 28. Rbb1 a5 29. Nd4 Rd7 30. Nc2 Bd2 31. Ne1 Red8 32. Nf3 Kf6 33. Ke2
Re8+ 34. Kf1 Red8 35. Ke2 1/2-1/2

[Event "KONIK MORSKI REWALA 2013-B"]
[Site "Rewal"]
[Date "2013.08.26"]
[Round "6.20"]
[White "Najdzionek, Boleslaw"]
[Black "Maliszewski, Jacek"]
[Result "1-0"]
[WhiteElo "1911"]
[BlackElo "1747"]
[PlyCount "77"]
[EventDate "2013.??.??"]

1. d4 d5 2. c4 c6 3. Nc3 Nf6 4. Nf3 e6 5. Bg5 dxc4 6. a4 Bb4 7. Rc1 b5 8. e3
Qa5 9. Bxf6 gxf6 10. Be2 Bb7 11. O-O Bxc3 12. Rxc3 Nd7 13. Qc2 Nb6 14. axb5
cxb5 15. Ra3 Qb4 16. Rfa1 a6 17. Nd2 Ke7 18. Bf3 Bxf3 19. Nxf3 a5 20. b3 a4 21.
bxa4 Rxa4 22. Rxa4 Nxa4 23. Rb1 Qa5 24. Qe4 Nc3 25. Qb7+ Kd6 26. Re1 Qc7 27.
Qa6+ Qc6 28. Qa3+ Kd7 29. Qxc3 Rg8 30. e4 f5 31. d5 Qc5 32. dxe6+ fxe6 33. exf5
Qxf5 34. Ne5+ Ke7 35. Qb4+ Kf6 36. Qxb5 Rd8 37. Qb2 Rd5 38. Nxc4+ e5 39. Ne3
1-0

[Event "KONIK MORSKI REWALA 2013-B"]
[Site "Rewal"]
[Date "2013.08.26"]
[Round "6.21"]
[White "Kwasniewski, Pawel"]
[Black "Prominski, Piotr"]
[Result "0-1"]
[WhiteElo "1536"]
[BlackElo "1796"]
[PlyCount "101"]
[EventDate "2013.??.??"]

1. d4 d5 2. c4 e6 3. Nc3 Nf6 4. Bg5 Be7 5. Nf3 O-O 6. e3 h6 7. Bh4 Ne4 8. Bxe7
Qxe7 9. Bd3 Nxc3 10. bxc3 dxc4 11. Bxc4 c5 12. O-O b6 13. Re1 Bb7 14. Qe2 Nc6
15. Ba6 Bxa6 16. Qxa6 Rfd8 17. Qb5 Rac8 18. Rad1 cxd4 19. cxd4 Qa3 20. Qb3 Qxb3
21. axb3 Nb4 22. Rb1 Rc2 23. Rec1 Rdc8 24. Rxc2 Rxc2 25. Ne1 Ra2 26. Kf1 a6 27.
Rc1 Rb2 28. Rc3 Kf8 29. e4 Ke8 30. Nf3 Rc2 31. Rxc2 Nxc2 32. Ke2 Nb4 33. Kd2 b5
34. Kc3 a5 35. Nd2 Kd7 36. Nb1 Kc6 37. Nd2 f6 38. Nf3 Kb6 39. Nh4 Kc6 40. Ng6
Kd6 41. Nf4 e5 42. Ne2 Nc6 43. d5 Nb4 44. Ng3 g6 45. h4 h5 46. Ne2 f5 47. f3
Kc5 48. g4 hxg4 49. exf5 gxf5 50. fxg4 Nxd5+ 51. Kc2 0-1

[Event "KONIK MORSKI REWALA 2013-B"]
[Site "Rewal"]
[Date "2013.08.26"]
[Round "6.22"]
[White "Auvinen, Esa"]
[Black "Krzysztofiak, Zdzislaw"]
[Result "1-0"]
[WhiteElo "1956"]
[BlackElo "1685"]
[PlyCount "83"]
[EventDate "2013.??.??"]

1. e4 e5 2. Nf3 Nc6 3. Bb5 a6 4. Bxc6 dxc6 5. d4 exd4 6. Qxd4 Bg4 7. Nbd2 Nf6
8. Qxd8+ Rxd8 9. Ne5 Bc5 10. Nxg4 Nxg4 11. O-O O-O 12. Nb3 Ba7 13. Bf4 Rd7 14.
h3 Nf6 15. Rfe1 Re8 16. e5 Rde7 17. Re2 Nh5 18. Bh2 g6 19. Kf1 f6 20. Rae1 fxe5
21. Rxe5 Rxe5 22. Rxe5 Nf6 23. Rxe8+ Nxe8 24. Na5 Nd6 25. Bxd6 cxd6 26. Nxb7 d5
27. Na5 Bb6 28. Nxc6 d4 29. Ke2 Kf7 30. Kd3 Ke6 31. Nxd4+ Kd5 32. c3 a5 33. f3
Ke5 34. Ne2 g5 35. g3 h5 36. f4+ gxf4 37. gxf4+ Kf5 38. b4 axb4 39. cxb4 Bc7
40. a4 Bxf4 41. Nxf4 Kxf4 42. a5 1-0

[Event "KONIK MORSKI REWALA 2013-B"]
[Site "Rewal"]
[Date "2013.08.26"]
[Round "6.23"]
[White "Fronczak, Sebastian"]
[Black "Vakhitov, Dmitri"]
[Result "1-0"]
[WhiteElo "1859"]
[BlackElo "1664"]
[PlyCount "121"]
[EventDate "2013.??.??"]

1. e4 c5 2. Nf3 d6 3. d4 cxd4 4. Nxd4 Nf6 5. f3 g6 6. c4 Bg7 7. Nc3 O-O 8. Be3
Bd7 9. Be2 Qc7 10. Qd2 Rc8 11. O-O Nc6 12. Rac1 Nxd4 13. Bxd4 b6 14. Kh1 Bc6
15. Nd5 Bxd5 16. cxd5 Qb7 17. Bb5 Rxc1 18. Rxc1 Rc8 19. Bc6 Qc7 20. Rc4 Nh5 21.
Bxg7 Nxg7 22. Qc3 Qd8 23. g3 Rc7 24. a4 Nh5 25. a5 bxa5 26. Qxa5 Qb8 27. Qc3
Qb6 28. Rb4 Qa6 29. Rb8+ Rc8 30. Rxc8+ Qxc8 31. Qa5 Qb8 32. b4 Nf6 33. Qb5 Qxb5
34. Bxb5 e5 35. Kg2 Kf8 36. Kf2 Ke7 37. Ke3 Ng8 38. Kd3 f6 39. f4 Kd8 40. h4 h6
41. Ke3 Ke7 42. Kf3 Kf7 43. Bd7 Ne7 44. Ke3 exf4+ 45. gxf4 f5 46. Be6+ Kf6 47.
b5 fxe4 48. Kxe4 Nf5 49. Bxf5 gxf5+ 50. Kd4 Ke7 51. Kc4 Kd7 52. Kb4 Kc7 53. Ka5
Kb7 54. h5 Ka8 55. Ka6 Kb8 56. b6 Ka8 57. Kb5 Kb7 58. bxa7 Kxa7 59. Kc6 Kb8 60.
Kxd6 Kc8 61. Ke7 1-0

[Event "KONIK MORSKI REWALA 2013-B"]
[Site "Rewal"]
[Date "2013.08.26"]
[Round "6.24"]
[White "Biszof, Henryk"]
[Black "Raszkiewicz, Agnieszka"]
[Result "1-0"]
[WhiteElo "1730"]
[BlackElo "1811"]
[PlyCount "79"]
[EventDate "2013.??.??"]

1. e4 c5 2. Nf3 Nc6 3. d4 cxd4 4. Nxd4 Nf6 5. Nc3 d6 6. Bg5 Qb6 7. Nb3 e6 8.
Be3 Qd8 9. Bd3 Bd7 10. f4 Be7 11. Qf3 e5 12. f5 a6 13. g4 h6 14. O-O-O Na5 15.
Nxa5 Qxa5 16. h4 Bc6 17. g5 Nd7 18. Bc4 h5 19. Nd5 Bd8 20. Bd2 Qc5 21. Bb3 a5
22. Be3 Qb5 23. Nc3 Qa6 24. g6 f6 25. Bf7+ Kf8 26. Rxd6 Be7 27. Rdd1 Nc5 28.
Bd5 Bb5 29. Bxc5 Bxc5 30. Nxb5 Qxb5 31. Be6 a4 32. Rd7 Be7 33. Qc3 a3 34. b3
Qb6 35. Rhd1 Rh6 36. Qc4 Qe3+ 37. Kb1 b5 38. Qc6 Re8 39. Rxe7 Rxe7 40. Rd8+ 1-0